[Event "Kvika Reykjavik Open 2022"]
[Site "Reykjavik ISL"]
[Date "2022.04.06"]
[Round "1.5"]
[White "Sadhwani, Raunak"]
[Black "Povah, Nigel E"]
[Result "1-0"]
[WhiteTitle "GM"]
[BlackTitle "IM"]
[WhiteElo "2628"]
[BlackElo "2216"]
[WhiteFideId "35093487"]
[BlackFideId "400467"]
[EventDate "2022.04.06"]

1. e4 c5 2. Nf3 Nc6 3. Bb5 Nf6 4. Nc3 g6 5. O-O Bg7 6. e5 Ng4 7. Bxc6 dxc6 8.
Re1 O-O 9. d3 Nh6 10. Ne4 b6 11. Bf4 Bg4 12. h3 Bxf3 13. Qxf3 Nf5 14. c3 f6 15.
Nd2 Qd5 16. Qxd5+ cxd5 17. g4 Nh6 18. e6 g5 19. Bg3 f5 20. f3 Bf6 21. Bf2 Rac8
22. Nf1 Kg7 23. Ng3 Kg6 24. Kg2 Bh8 25. Re2 f4 26. Nf1 Ng8 27. h4 h6 28. Nd2
Rfd8 29. a4 a5 30. Rae1 Rc6 31. Nb1 Rdd6 32. Na3 Kf6 33. Re5 Kg6 34. Rf5 Bf6 35.
Nb5 Rxe6 36. h5+ Kf7 37. Rxd5 Rxe1 38. Bxe1 Ke8 39. Bf2 e6 40. Rd6 Rxd6 41.
Nxd6+ Kd7 42. Nc4 Kc6 43. Kf1 Bd8 44. Ke2 Kd5 45. Nd2 Nf6 46. Kd1 e5 47. Kc2 Bc7
48. Be1 Bd8 49. Kb3 Bc7 50. Nb1 e4 51. dxe4+ Nxe4 52. c4+ Kd4 53. Kc2 Nd6 54.
Bf2+ Ke5 55. Kd3 Bd8 56. Be1 Ke6 57. Bc3 Nf7 58. Na3 Bf6 59. Bxf6 Kxf6 60. Ke4
Ke6 61. Nb5 Ne5 62. Nc7+ Kd6 63. Ne8+ Ke6 64. b3 Nf7 65. Nc7+ Kd6 66. Nd5 Ke6
67. Nxb6 Nd6+ 68. Kd3 Nb7 69. Nd5 Nd6 70. Nc7+ Ke5 71. Na6 Nb7 72. Nb8 Kd6 73.
Ke4 Ke6 74. Na6 Nd6+ 75. Kd3 Nb7 76. Nc7+ Kd7 77. Nb5 Ke6 78. Ke4 Nd8 79. Nc7+
Kd7 80. Nd5 Ke6 81. Nc7+ Kd7 82. Kf5 Kxc7 83. Kg6 Kd6 84. Kxh6 Nf7+ 85. Kg7 Ke6
86. h6 Ke7 87. Kg6 Ke6 88. h7 Nh8+ 89. Kxg5 Ke5 90. Kh6 Kf6 91. g5+ Kf5 92. Kg7
Ng6 93. Kh6 Nh8 94. b4 axb4 95. a5 b3 96. a6 b2 97. a7 b1=Q 98. a8=Q Qb6+ 99.
Kg7 Qc7+ 100. Kxh8 Qe5+ 101. Kg8 Qe6+ 102. Kf8 Qd6+ 103. Ke8 Qg6+ 104. Kd8 Qxg5+
105. Kc8 1-0

[Event "Kvika Reykjavik Open 2022"]
[Site "Reykjavik ISL"]
[Date "2022.04.06"]
[Round "1.40"]
[White "Barthel, Ansgar"]
[Black "Hedman, Erik"]
[Result "1/2-1/2"]
[BlackTitle "IM"]
[WhiteElo "2053"]
[BlackElo "2362"]
[WhiteFideId "4643461"]
[BlackFideId "1702351"]
[EventDate "2022.04.06"]

1. e4 d6 2. d4 Nf6 3. Nc3 e5 4. dxe5 dxe5 5. Qxd8+ Kxd8 6. Bc4 Bb4 7. Bg5 Bxc3+
8. bxc3 Be6 9. Bxe6 fxe6 10. f3 Nd7 11. Nh3 h6 12. Bh4 a5 13. Nf2 Ra6 14. Nd3
Rc6 15. O-O-O Kc8 16. Bg3 Rxc3 17. Nxe5 Rc5 18. Nxd7 Nxd7 19. Rd3 Rf8 20. Rhd1
Rf7 21. h4 b6 22. Bf2 Rc6 23. Bd4 e5 24. Bb2 Rg6 25. R1d2 Rg3 26. Rd5 Re7 27.
Ba3 Rf7 28. Bb2 Re7 29. Ba3 Rf7 1/2-1/2

[Event "Kvika Reykjavik Open 2022"]
[Site "Reykjavik ISL"]
[Date "2022.04.06"]
[Round "1.48"]
[White "Dietzsch, Herbert"]
[Black "Kolbus, Dietmar"]
[Result "0-1"]
[BlackTitle "IM"]
[WhiteElo "2027"]
[BlackElo "2312"]
[WhiteFideId "4608364"]
[BlackFideId "4610628"]
[EventDate "2022.04.06"]

1. e4 c6 2. d4 d5 3. exd5 cxd5 4. Bd3 Nf6 5. h3 Nc6 6. c3 g6 7. Nf3 Qc7 8. O-O
Bf5 9. Bxf5 gxf5 10. Re1 e6 11. Nbd2 O-O-O 12. Nb3 Ne4 13. Ng5 Bd6 14. Qh5 Rdf8
15. Nxe4 fxe4 16. f3 f5 17. Bh6 Rf6 18. fxe4 dxe4 19. Rad1 Rg8 20. d5 Ne5 21.
Kh1 Nd3 22. Rxd3 exd3 23. Rxe6 Rfg6 24. Qxf5 Qd7 25. g4 Rxh6 26. Rxh6 Qxf5 27.
gxf5 d2 28. Nxd2 Bf4 29. Rxh7 Bxd2 30. f6 Rf8 31. Kg2 Rxf6 32. c4 Be3 33. b4 a5
34. a3 b6 35. Re7 Bd4 36. Kg3 Kd8 37. Ra7 Bc3 38. c5 axb4 39. axb4 Bxb4 40. cxb6
Rxb6 41. Kg4 Be7 42. Kf5 Rb3 43. Ke6 Re3+ 44. Kf7 Bh4 45. d6 Bg3 46. d7 Re4 47.
Kf6 Bc7 48. Kf5 Rh4 49. Ra3 Kxd7 50. Rb3 Ke8 51. Kg5 Bd8+ 52. Kg6 Rf4 53. Rd3
Be7 54. Rb3 Rf6+ 55. Kg7 Rc6 56. Rf3 Rc1 57. Kg6 Rg1+ 58. Kf5 Kf7 59. Ke5+ Kg6
60. Kf4 Bd6+ 61. Ke4 Kg5 62. Kd5 Rd1+ 63. Ke4 Rh1 64. Rd3 Be7 65. Rb3 Kh4 66.
Kf4 Rf1+ 67. Ke4 Bd6 68. Rd3 Bg3 69. Rd7 Kxh3 70. Rh7+ Kg2 71. Kd5 Rf8 72. Ke4
Re8+ 73. Kd5 Kf3 74. Rf7+ Bf4 75. Rb7 Rd8+ 76. Ke6 Rd6+ 77. Ke7 Ra6 78. Kf7 Kg4
79. Ke7 Kf5 80. Kd7 Be5 81. Ke7 Bd6+ 82. Kd7 Kf6 83. Rb1 Bf4 84. Rd1 Ra7+ 85.
Kc6 Ke6 86. Rd3 Rc7+ 87. Kb5 Bd6 88. Rd1 Rc5+ 89. Kb6 Rc4 90. Kb5 Rc5+ 91. Kb6
Kd7 92. Rh1 Rd5 93. Rh7+ Be7 94. Rf7 Kd6 95. Rh7 Bd8+ 96. Kb7 Rb5+ 97. Kc8 Bg5
98. Rd7+ Ke6 99. Rd6+ Ke7 100. Rd7+ Kf8 101. Rd1 Kf7 102. Rd3 Bf4 103. Kd7 Rc5
104. Rf3 Rc7+ 105. Kd8 Rc4 106. Kd7 Kf6 107. Rf1 Kf5 108. Re1 Rc7+ 109. Kd8 Rh7
110. Kc8 Be5 111. Rc1 Ke6 112. Rc2 Bd6 113. Rc1 Kd5 114. Rd1+ Kc6 115. Rc1+ Bc5
116. Rd1 Ra7 117. Kb8 Ra2 118. Rc1 Rh2 119. Rxc5+ Kxc5 120. Kb7 Rh7+ 121. Ka6
Rg7 0-1

[Event "Kvika Reykjavik Open 2022"]
[Site "Reykjavik ISL"]
[Date "2022.04.06"]
[Round "1.58"]
[White "Rice, Chris B"]
[Black "Mannion, Stephen R"]
[Result "0-1"]
[BlackTitle "IM"]
[WhiteElo "1989"]
[BlackElo "2245"]
[WhiteFideId "404446"]
[BlackFideId "2400111"]
[EventDate "2022.04.06"]

1. b3 d5 2. Bb2 Nf6 3. e3 g6 4. c4 c6 5. Nf3 Bg7 6. Be2 O-O 7. O-O Re8 8. d4 Bg4
9. Nbd2 e6 10. h3 Bxf3 11. Nxf3 Nbd7 12. Qc2 Ne4 13. Rac1 Qe7 14. Bd3 f5 15.
Rfe1 Rad8 16. a3 g5 17. Nh2 Ndf6 18. f3 Nd6 19. g4 fxg4 20. hxg4 Nf7 21. e4 dxe4
22. fxe4 e5 23. d5 c5 24. Qg2 Nh8 25. Rf1 Ng6 26. Rf5 Nh4 27. Qg3 Nxf5 28. gxf5
Nh5 29. Qe3 Nf4 30. Be2 Rd6 31. Ng4 h5 32. f6 Rxf6 33. Nxf6+ Bxf6 34. Rc2 g4 35.
b4 b6 36. Rd2 Nh3+ 0-1

[Event "Kvika Reykjavik Open 2022"]
[Site "Reykjavik ISL"]
[Date "2022.04.06"]
[Round "1.59"]
[White "Valkama, Eero"]
[Black "Thorsteinsdottir, Hallgerdur"]
[Result "1/2-1/2"]
[WhiteTitle "FM"]
[BlackTitle "WFM"]
[WhiteElo "2244"]
[BlackElo "1981"]
[WhiteFideId "507555"]
[BlackFideId "2302454"]
[EventDate "2022.04.06"]

1. e4 c6 2. d4 d5 3. e5 Bf5 4. Nf3 e6 5. Be2 c5 6. Be3 Qb6 7. Nc3 Nc6 8. Na4
Qa5+ 9. c3 c4 10. b4 Bxb4 11. cxb4 Nxb4 12. Nc5 Nc2+ 13. Kf1 Nxa1 14. Qxa1 Qc7
15. Nh4 Bg6 16. Qb2 b6 17. Qb5+ Kd8 18. Nxg6 hxg6 19. Na6 Qe7 20. g3 Rc8 21. Bd1
Qd7 22. Qb4 Qe7 23. Qb5 Qd7 24. Qb4 Qe7 25. Qc3 Qb7 26. Qa3 Qe7 27. Qc3 Qb7 28.
Qa3 Qe7 29. Qc3 1/2-1/2

[Event "Kvika Reykjavik Open 2022"]
[Site "Reykjavik ISL"]
[Date "2022.04.06"]
[Round "1.60"]
[White "Filipovich, David"]
[Black "Sowray, Peter J"]
[Result "0-1"]
[BlackTitle "FM"]
[WhiteElo "1975"]
[BlackElo "2243"]
[WhiteFideId "2600706"]
[BlackFideId "400971"]
[EventDate "2022.04.06"]

1. Nf3 d5 2. g3 g6 3. Bg2 Bg7 4. O-O e5 5. d3 Ne7 6. Nc3 d4 7. Ne4 f5 8. Ned2
Nbc6 9. c3 Be6 10. cxd4 exd4 11. Nc4 h6 12. Bf4 g5 13. Be5 Nxe5 14. Nfxe5 c6 15.
e4 dxe3 16. Qh5+ Kf8 17. fxe3 Kg8 18. d4 Qc7 19. a4 Rf8 20. Rac1 c5 21. Rfd1 Rd8
22. Na3 b6 23. Nb5 Qb8 24. Nc6 Nxc6 25. Bxc6 a6 26. Nc3 cxd4 27. exd4 0-1

[Event "Kvika Reykjavik Open 2022"]
[Site "Reykjavik ISL"]
[Date "2022.04.06"]
[Round "1.61"]
[White "Kristinsson, Ogmundur"]
[Black "Grose, Kameron"]
[Result "1-0"]
[WhiteElo "1969"]
[BlackElo "1681"]
[WhiteFideId "2304724"]
[BlackFideId "474010"]
[EventDate "2022.04.06"]

1. d4 d5 2. Bg5 h6 3. Bh4 Nf6 4. e3 Bf5 5. Bd3 Bxd3 6. Qxd3 e6 7. f4 Be7 8. Nd2
Nbd7 9. Ngf3 c5 10. c3 a6 11. O-O O-O 12. a4 Ne8 13. Bxe7 Qxe7 14. e4 dxe4 15.
Nxe4 cxd4 16. Nxd4 Nc5 17. Qf3 Nxe4 18. Qxe4 Nf6 19. Qe5 Qd7 20. Rae1 Rfe8 21.
Rf3 Qd5 22. h3 Qxe5 23. Rxe5 Nd7 24. Re2 Nc5 25. a5 Rac8 26. Rfe3 Kf8 27. Rd2
Red8 28. b4 Nd7 29. Red3 Ke7 30. f5 e5 31. Re3 Kf6 32. Nf3 Kxf5 33. Rd6 f6 34.
Red3 Rc7 35. g4+ Kg6 36. Nh4+ Kf7 37. Nf5 Kf8 38. Kg2 g6 39. Nxh6 Ke7 40. g5 Rf8
41. h4 e4 42. R3d4 Ne5 1-0

[Event "Kvika Reykjavik Open 2022"]
[Site "Reykjavik ISL"]
[Date "2022.04.06"]
[Round "1.62"]
[White "Skarphedinsson, Ingvar Wu"]
[Black "Tirziman, Rudolf"]
[Result "1/2-1/2"]
[WhiteElo "1673"]
[BlackElo "1963"]
[WhiteFideId "2316943"]
[BlackFideId "2508664"]
[EventDate "2022.04.06"]

1. d4 e6 2. c4 Nf6 3. g3 Bb4+ 4. Bd2 a5 5. Bg2 d5 6. Nc3 c6 7. Nf3 dxc4 8. e3 b5
9. a4 Qb6 10. Ne5 Bb7 11. O-O Nbd7 12. f4 O-O 13. Qe2 Nxe5 14. fxe5 Nd5 15. Bxd5
exd5 16. Rf4 Bxc3 17. bxc3 bxa4 18. Rh4 g6 19. Rf1 a3 20. Bc1 Qb3 21. Qd2 a2 22.
Bb2 f5 23. exf6 Rf7 24. e4 dxe4 25. Rxe4 Raf8 26. Ref4 Bc8 27. Kg2 Bf5 28. g4
Qc2 29. Qxc2 Bxc2 30. g5 Rb8 31. Ba1 Rb5 32. h4 Rfb7 33. Re1 Kf7 34. Rf2 Bb1 35.
Rfe2 a4 36. Re7+ Rxe7 37. Rxe7+ Kg8 38. Re8+ Kf7 39. Re7+ Kg8 40. Re8+ Kf7 41.
Re7+ Kf8 42. Kf2 Bc2 43. Re1 h6 44. gxh6 Rf5+ 45. Kg2 Rxf6 46. Re2 1/2-1/2

[Event "Kvika Reykjavik Open 2022"]
[Site "Reykjavik ISL"]
[Date "2022.04.06"]
[Round "1.63"]
[White "Sigamoney, Cyril S"]
[Black "Riedelsheimer, Julia"]
[Result "1-0"]
[WhiteElo "1960"]
[BlackElo "1663"]
[WhiteFideId "2055287"]
[BlackFideId "16212193"]
[EventDate "2022.04.06"]

1. d4 f5 2. Bg5 h6 3. Bh4 g5 4. e3 Nf6 5. Bg3 e6 6. Be2 d6 7. Bh5+ Ke7 8. Nc3
Nxh5 9. Qxh5 Qe8 10. Qe2 Kd8 11. h4 Rg8 12. O-O-O Nd7 13. Nh3 Nf6 14. hxg5 hxg5
15. f3 Bd7 16. Rhe1 Kc8 17. e4 Nh5 18. Bf2 Bh6 19. Kb1 g4 20. Ng1 Nf4 21. Qf1
gxf3 22. gxf3 Ng2 23. exf5 Nxe1 24. Rxe1 Qf7 25. fxe6 Bxe6 26. d5 Bd7 27. Qc4
Qf4 28. Ne4 Kd8 29. a3 Rg2 30. Ne2 Qxf3 31. Bh4+ Ke8 32. Nxd6+ Kf8 33. Nd4 Qg4
34. Qf1+ Kg8 35. Qf7+ Kh8 36. Bf6+ Bg7 1-0

[Event "Kvika Reykjavik Open 2022"]
[Site "Reykjavik ISL"]
[Date "2022.04.06"]
[Round "1.64"]
[White "Adavatkar, Rugved"]
[Black "Bartelt, Max Peter"]
[Result "0-1"]
[WhiteElo "1652"]
[BlackElo "1949"]
[WhiteFideId "1055011"]
[BlackFideId "12967289"]
[EventDate "2022.04.06"]

1. d4 Nf6 2. c4 g6 3. Nc3 Bg7 4. e4 O-O 5. e5 Ne8 6. f4 d6 7. Be3 c5 8. dxc5 Qa5
9. cxd6 exd6 10. Nf3 Nc6 11. exd6 Nxd6 12. Qxd6 Bxc3+ 13. Bd2 Bb4 14. Qf6 Re8+
15. Be2 Bxd2+ 16. Nxd2 Bg4 17. b4 Rxe2+ 18. Kf1 Qxb4 19. Nf3 Qxc4 20. Kg1 Qc5+
21. Nd4 Nxd4 22. h3 Nf3+ 0-1

[Event "Kvika Reykjavik Open 2022"]
[Site "Reykjavik ISL"]
[Date "2022.04.06"]
[Round "1.65"]
[White "Khoury, Theo"]
[Black "Leifsson, Thorsteinn"]
[Result "1-0"]
[WhiteElo "1949"]
[BlackElo "1652"]
[WhiteFideId "480703"]
[BlackFideId "2302764"]
[EventDate "2022.04.06"]

1. e4 c5 2. Nf3 d6 3. d4 cxd4 4. Nxd4 a6 5. c4 Nf6 6. Nc3 e6 7. Be3 Be7 8. Be2
Nc6 9. O-O O-O 10. f4 Qc7 11. Rc1 Bd7 12. Bf3 Rab8 13. Qd2 Rfd8 14. a3 Nxd4 15.
Bxd4 Bc6 16. Qe3 Qd7 17. Rfd1 Qe8 18. Bb6 Rdc8 19. Ne2 Nd7 20. Ba5 Qf8 21. Kh1
f5 22. e5 dxe5 23. Bxc6 bxc6 24. Rxd7 1-0

[Event "Kvika Reykjavik Open 2022"]
[Site "Reykjavik ISL"]
[Date "2022.04.06"]
[Round "1.66"]
[White "Bulacio, Juan Manuel"]
[Black "Green, Per"]
[Result "1/2-1/2"]
[WhiteElo "1636"]
[BlackElo "1946"]
[WhiteFideId "20006330"]
[BlackFideId "1703811"]
[EventDate "2022.04.06"]

1. e4 c5 2. Nf3 e6 3. d4 cxd4 4. Nxd4 Nc6 5. c3 Nf6 6. Nxc6 bxc6 7. e5 Nd5 8.
Bd3 Qc7 9. Qe2 d6 10. exd6 Bxd6 11. g3 Bb7 12. Nd2 c5 13. Bb5+ Kf8 14. Ne4 Be7
15. f3 Rd8 16. Bd2 Qb6 17. c4 Nb4 18. Bxb4 cxb4 19. Rd1 f5 20. Rxd8+ Qxd8 21.
Nf2 Qb6 22. O-O Kf7 23. Kg2 Rd8 24. Nd3 Qc7 25. Re1 Bc8 26. Nf4 Qd6 27. c5 Qd2
28. Bc4 Bxc5 29. Bxe6+ Bxe6 30. Nxe6 Qxe2+ 31. Rxe2 Rd5 32. Nxc5 Rxc5 33. Rf2
Ra5 34. b3 Rc5 35. f4 g6 36. Kf3 h6 37. Rd2 Ke7 38. Ke3 1/2-1/2

[Event "Kvika Reykjavik Open 2022"]
[Site "Reykjavik ISL"]
[Date "2022.04.06"]
[Round "1.67"]
[White "Maes, Tibo"]
[Black "Zamvar, Vipin"]
[Result "1-0"]
[WhiteElo "1946"]
[BlackElo "1620"]
[WhiteFideId "231274"]
[BlackFideId "2403749"]
[EventDate "2022.04.06"]

1. e4 c5 2. Nc3 d6 3. d4 cxd4 4. Qxd4 Nc6 5. Qd2 Nf6 6. b3 b6 7. Bb2 Bb7 8. f3
g6 9. Nd5 e5 10. Nxf6+ Qxf6 11. O-O-O O-O-O 12. Bc4 h5 13. Kb1 Kb8 14. Ne2 Rh7
15. Nc3 Bh6 16. Qf2 Rd7 17. Nd5 Qd8 18. Bb5 f6 19. Ba3 Rhf7 20. Nb4 Qc8 21.
Nxc6+ Bxc6 22. Bc4 d5 23. exd5 Qd8 24. d6 Rf8 25. Be6 Rb7 26. Qe2 Rh8 27. Qc4
Qe8 28. d7 Bxd7 29. Bd6+ Ka8 30. Bd5 Bb5 31. Bxb7+ Kxb7 32. Qc7+ Ka8 33. Be7 Qc8
34. Qxc8+ Rxc8 35. Bxf6 Re8 36. Rhe1 1-0

[Event "Kvika Reykjavik Open 2022"]
[Site "Reykjavik ISL"]
[Date "2022.04.06"]
[Round "1.68"]
[White "Natoli, Domenico"]
[Black "Arvidsson, Jonas"]
[Result "0-1"]
[WhiteElo "1608"]
[BlackElo "1942"]
[WhiteFideId "806277"]
[BlackFideId "1717839"]
[EventDate "2022.04.06"]

1. d4 Nf6 2. c4 c5 3. Nf3 g6 4. g3 Bg7 5. Bg2 O-O 6. O-O cxd4 7. Nxd4 Nc6 8. e3
Qb6 9. Nc3 d6 10. Na4 Qc7 11. b3 Bd7 12. Nb5 Qc8 13. Bb2 Bh3 14. Rc1 Ne5 15. Bd4
Bxg2 16. Kxg2 Qc6+ 17. f3 b6 18. Qe2 g5 19. Bxe5 dxe5 20. Nac3 a6 21. Na3 h5 22.
e4 e6 23. h3 h4 24. g4 Nd7 25. Rfd1 Rfd8 26. Qd2 Bf6 27. Qd6 Qxd6 28. Rxd6 Be7
29. Rcd1 Bxd6 30. Rxd6 Kf8 31. Na4 Ke7 32. Rd2 Rab8 33. Nc2 a5 34. Kf2 Nc5 35.
Ke3 Nxa4 36. bxa4 Rxd2 37. Kxd2 Rd8+ 38. Ke2 f6 39. Ne3 Rd4 40. a3 Kd6 0-1

[Event "Kvika Reykjavik Open 2022"]
[Site "Reykjavik ISL"]
[Date "2022.04.06"]
[Round "1.69"]
[White "Unhjem, Bjorn Robert Lovoll"]
[Black "Signyjarson, Arnar Smari"]
[Result "1-0"]
[WhiteElo "1939"]
[BlackElo "1565"]
[WhiteFideId "1525948"]
[BlackFideId "2316340"]
[EventDate "2022.04.06"]

1. d4 Nf6 2. c4 g6 3. Nc3 Bg7 4. e4 d6 5. Nf3 O-O 6. Be2 e5 7. O-O Nc6 8. d5 Ne7
9. b4 Nh5 10. a4 f5 11. Ra2 f4 12. c5 h6 13. Nd2 Nf6 14. Ba3 h5 15. Nc4 Bg4 16.
f3 Bc8 17. b5 Ne8 18. Qb3 Kh7 19. b6 dxc5 20. bxc7 Qxc7 21. Nb5 Qd8 22. Bxc5 Bd7
23. Qa3 Rf7 24. Nbd6 Nxd6 25. Nxd6 Kg8 26. Nxf7 Kxf7 27. Rc1 Ng8 28. Rb2 b6 29.
Bd6 Rc8 30. Rbc2 Rxc2 31. Rxc2 Bxa4 32. Rc7+ Kf6 33. Rxg7 Kxg7 34. Bxe5+ 1-0

[Event "Kvika Reykjavik Open 2022"]
[Site "Reykjavik ISL"]
[Date "2022.04.06"]
[Round "1.70"]
[White "Eedle, Eric F"]
[Black "Schultze, Joerg-Martin"]
[Result "1/2-1/2"]
[WhiteElo "1559"]
[BlackElo "1932"]
[WhiteFideId "429627"]
[BlackFideId "12972070"]
[EventDate "2022.04.06"]

1. d4 d5 2. c4 e6 3. Nc3 Nf6 4. cxd5 exd5 5. Bg5 c6 6. e3 h6 7. Bh4 Be6 8. Bd3
Nbd7 9. Nge2 g5 10. Bg3 Nh5 11. Qc2 Nxg3 12. Nxg3 h5 13. O-O-O h4 14. Nf5 Qa5
15. Rhe1 O-O-O 16. Kb1 Kb8 17. f3 Nf6 18. a3 Nh5 19. Ne2 Ng7 20. Nxg7 Bxg7 21.
Bf5 Rhe8 22. Bxe6 Rxe6 23. Qd3 Qc7 24. h3 Rde8 25. Nc3 Qg3 26. Re2 g4 27. hxg4
h3 28. gxh3 Qxf3 29. Rde1 Qxh3 30. Qf5 R8e7 31. Qf4+ Ka8 32. Rh2 Bh6 33. Rxh3
Bxf4 34. Nd1 Bg5 35. Kc2 Kb8 36. Kd3 Rh6 37. Reh1 Ree6 38. b3 Kc7 39. Rh5 Kb6
40. R1h3 Rxh5 41. gxh5 Rf6 42. Nc3 Bh6 43. e4 dxe4+ 44. Nxe4 Rf1 45. Nd6 Kc7 46.
Nc4 b5 1/2-1/2

[Event "Kvika Reykjavik Open 2022"]
[Site "Reykjavik ISL"]
[Date "2022.04.06"]
[Round "1.71"]
[White "Lewis, Stephen"]
[Black "Patel, Zain"]
[Result "0-1"]
[WhiteElo "1929"]
[BlackElo "1557"]
[WhiteFideId "479713"]
[BlackFideId "469246"]
[EventDate "2022.04.06"]

1. d4 Nf6 2. Nc3 d5 3. Bf4 a6 4. e3 e6 5. Bd3 c5 6. dxc5 Bxc5 7. a3 Nc6 8. Nf3
O-O 9. O-O Re8 10. Bg5 h6 11. Bh4 Be7 12. Qe2 e5 13. Bxf6 Bxf6 14. e4 Bg4 15.
Nxd5 Nd4 16. Qe3 Nxf3+ 17. gxf3 Bh3 18. Rfd1 Re6 19. f4 Bg4 20. f3 exf4 21. Qxf4
Be5 22. Qxg4 Rg6 23. Qxg6 fxg6 24. f4 Bd4+ 25. Kh1 Kh8 26. c3 Bf6 27. Rg1 Qd7
28. Rxg6 Qh3 29. Rg3 Qh5 30. Nxf6 gxf6 31. Rag1 Rd8 32. e5 fxe5 33. Bg6 Qh4 34.
fxe5 Rd2 35. h3 Rd1 36. Bf5 Qxg3 37. Rxd1 Qf3+ 38. Kh2 Qxd1 39. e6 Qd2+ 40. Kg3
Qg5+ 41. Bg4 h5 42. e7 h4+ 0-1

[Event "Kvika Reykjavik Open 2022"]
[Site "Reykjavik ISL"]
[Date "2022.04.06"]
[Round "1.72"]
[White "Gupta, Anand"]
[Black "Hartmann, Wolfgang"]
[Result "1/2-1/2"]
[WhiteElo "1543"]
[BlackElo "1927"]
[WhiteFideId "30951739"]
[BlackFideId "12977373"]
[EventDate "2022.04.06"]

1. d4 d5 2. c4 e6 3. Nf3 Nf6 4. Nc3 Be7 5. Bf4 O-O 6. e3 b6 7. cxd5 Nxd5 8. Nxd5
Qxd5 9. a3 c5 10. dxc5 Qxc5 11. Rc1 Qa5+ 12. Qd2 Qxd2+ 13. Nxd2 Ba6 14. Bxa6
Nxa6 15. b4 Rfd8 16. Ke2 f6 17. e4 e5 18. Be3 Rac8 19. Nb1 Kf7 20. Nc3 Nc7 21.
Rhd1 Ke6 22. Rxd8 Rxd8 23. Rd1 Rxd1 24. Kxd1 g6 25. Kc2 Kd7 26. Kb3 Kc6 27. a4
a6 28. Kc4 b5+ 29. axb5+ axb5+ 30. Kb3 Bd6 31. g4 Be7 32. f3 Bd6 33. h3 Be7 34.
Ne2 Bd6 35. h4 Be7 36. h5 g5 37. Ng3 Ne6 38. Nf5 Bf8 39. Kc3 Nc7 40. h6 Na6 41.
Bc5 Nxc5 42. bxc5 Bxc5 43. Ng7 Kd7 44. Nh5 Ke6 45. Ng3 Kf7 46. Nf5 Kg6 47. Kb3
Bf8 48. Kc3 Bxh6 49. Kb4 Bf8+ 50. Kxb5 h5 51. Ng3 h4 52. Nh1 Kf7 53. Kc6 Ke6 54.
Nf2 Bb4 55. Kc7 Be1 56. Nh1 Bd2 57. Nf2 Be3 58. Nh1 f5 59. Kc6 f4 60. Kc7 h3 61.
Kc6 h2 62. Kc7 Bd4 63. Kc6 Bg1 64. Kc7 Ke7 65. Kc6 Ke6 66. Kc7 Ke7 67. Kc6 Be3
68. Kc7 Bd2 69. Nf2 Bb4 70. Nh1 1/2-1/2

[Event "Kvika Reykjavik Open 2022"]
[Site "Reykjavik ISL"]
[Date "2022.04.06"]
[Round "1.73"]
[White "Vemparala, Nikash"]
[Black "Seshadri, Sridhar"]
[Result "1-0"]
[WhiteElo "1923"]
[BlackElo "1542"]
[WhiteFideId "30960967"]
[BlackFideId "30913942"]
[EventDate "2022.04.06"]

1. e4 Nf6 2. e5 Nd5 3. d4 d6 4. c4 Nb6 5. exd6 cxd6 6. Be3 e6 7. Nd2 Be7 8. Bd3
O-O 9. Ne2 e5 10. O-O f5 11. f3 N8d7 12. Qb3 Kh8 13. Rac1 exd4 14. Bxd4 Nc5 15.
Qc2 Nxd3 16. Qxd3 Bf6 17. b4 Re8 18. Bf2 Nd7 19. f4 Nf8 20. Nc3 Ng6 21. Nd5 Be7
22. Nb3 Bf8 23. Nd4 Qd7 24. Nb5 Re4 25. g3 b6 26. Rfe1 Rxe1+ 27. Rxe1 Bb7 28.
Qd4 Bc6 29. Nbc3 Re8 30. Rd1 Ba4 31. Rd2 Bc6 32. b5 Ba8 33. a4 h5 34. h4 Qf7 35.
Ra2 Re6 36. Kh2 Bxd5 37. cxd5 Re7 38. a5 Rc7 39. axb6 axb6 40. Na4 Rb7 41. Nxb6
Be7 42. Qd3 Kh7 43. Na4 Bxh4 44. Qf3 Be7 45. Qxh5+ Kg8 46. Rb2 Qf6 47. Rb1 Nf8
48. Qe2 g5 49. fxg5 Qxg5 50. Be3 f4 51. Bxf4 Qxd5 52. Nc3 Qf5 53. Rd1 Bf6 54.
Ne4 Rh7+ 55. Kg1 Bg7 56. Ng5 Rh6 57. Qc4+ d5 58. Rxd5 Qb1+ 59. Rd1+ 1-0

[Event "Kvika Reykjavik Open 2022"]
[Site "Reykjavik ISL"]
[Date "2022.04.06"]
[Round "1.74"]
[White "Helgadottir, Idunn"]
[Black "Ragnarsson, Johann"]
[Result "0-1"]
[WhiteElo "1540"]
[BlackElo "1913"]
[WhiteFideId "2314118"]
[BlackFideId "2301040"]
[EventDate "2022.04.06"]

1. d4 f5 2. Bg5 g6 3. Nf3 Bg7 4. e3 Nf6 5. c4 c6 6. Nc3 O-O 7. Be2 d6 8. O-O Na6
9. Qc2 Qc7 10. Rac1 e5 11. a3 Ne8 12. Rfd1 h6 13. Bh4 g5 14. dxe5 dxe5 15. Nxg5
hxg5 16. Bxg5 Nc5 17. Bh5 Ne6 18. Bh4 Bf6 19. Bxf6 Nxf6 20. Bg6 Ng7 21. c5 Be6
22. Rd6 Rad8 23. Rcd1 Rxd6 24. cxd6 Qd8 25. h4 Nd7 26. h5 Qg5 27. Qe2 Bf7 28. e4
f4 29. Bxf7+ Rxf7 30. Rd3 Nxh5 31. Rh3 Nhf6 32. b4 Rh7 33. Qc4+ Kg7 34. Rxh7+
Kxh7 35. Qf7+ Kh6 36. Qe6 Qg4 37. Qe7 f3 38. Kf1 Qxg2+ 39. Ke1 Qg1+ 40. Kd2
Qxf2+ 0-1

[Event "Kvika Reykjavik Open 2022"]
[Site "Reykjavik ISL"]
[Date "2022.04.06"]
[Round "1.75"]
[White "Mirza, Diana"]
[Black "Grettisson, Arnar Breki"]
[Result "1-0"]
[WhiteTitle "WFM"]
[WhiteElo "1905"]
[BlackElo "1518"]
[WhiteFideId "2503999"]
[BlackFideId "2322790"]
[EventDate "2022.04.06"]

1. Nf3 d5 2. g3 Nc6 3. Bg2 e5 4. d3 Bf5 5. Nbd2 Nf6 6. Nh4 Bg4 7. h3 Be6 8. e4
Bc5 9. Nf5 Bxf5 10. exf5 Qd7 11. g4 h5 12. Nb3 Bb6 13. Be3 Bxe3 14. fxe3 O-O-O
15. g5 Ne8 16. h4 f6 17. Qf3 Qe7 18. g6 d4 19. O-O-O Qb4 20. exd4 Nxd4 21. Nxd4
exd4 22. Rhe1 Nd6 23. Re7 Rd7 24. Re6 Qb5 25. Rde1 Qxf5 26. Re8+ Rd8 27. Bh3 1-0

[Event "Kvika Reykjavik Open 2022"]
[Site "Reykjavik ISL"]
[Date "2022.04.06"]
[Round "1.76"]
[White "Gardarsson, Hordur"]
[Black "Gudmundsson, Gunnar Erik"]
[Result "0-1"]
[WhiteElo "1517"]
[BlackElo "1904"]
[WhiteFideId "2303604"]
[BlackFideId "2314339"]
[EventDate "2022.04.06"]

1. d4 Nf6 2. c4 e6 3. a3 d5 4. Nc3 Be7 5. Nf3 O-O 6. h3 c6 7. c5 b6 8. b4 Qc7 9.
Ne5 bxc5 10. Bf4 cxd4 11. Qxd4 Bd6 12. Rc1 Qe7 13. e3 c5 14. Qd2 cxb4 15. axb4
Bxb4 16. Bd3 Bb7 17. Bg5 h6 18. Bxf6 Qxf6 19. Ng4 Qg5 20. Kf1 d4 21. f4 dxc3 22.
Qe2 Qe7 23. Rg1 Rd8 24. Ne5 Nc6 25. g4 Nxe5 26. fxe5 Qh4 27. Bb1 Qxh3+ 28. Kf2
Rd2 0-1